[Event "chess.com Speed 2020"]
[Site "chess.com INT"]
[Date "2020.11.16"]
[Round "1.11"]
[White "Carlsen, Magnus"]
[Black "Maghsoodloo, Parham"]
[Result "1/2-1/2"]
[WhiteTitle "GM"]
[BlackTitle "GM"]
[WhiteElo "2862"]
[BlackElo "2676"]
[WhiteFideId "1503014"]
[BlackFideId "12539929"]
[EventDate "2020.11.01"]

1. c4 e6 2. Nc3 d5 3. d4 Bb4 4. e3 Nf6 5. a4 O-O 6. Bd2 c5 7. Nf3 dxc4 8. Bxc4
b6 9. dxc5 Bxc5 10. O-O Bb7 11. Qe2 Nc6 12. Rfd1 Qe7 13. Ba6 Rfd8 14. Be1 e5 15.
Bxb7 Qxb7 16. Rxd8+ Rxd8 17. Rd1 Rxd1 18. Qxd1 Qd7 19. Qe2 h6 20. h3 Qe6 21. Nd2
Bb4 22. Qc4 Qxc4 23. Nxc4 e4 24. Kf1 Kf8 25. Nb5 Bxe1 26. Kxe1 Ke7 27. Kd2 g6
28. Nbd6 Ke6 29. b3 h5 30. h4 Ke7 31. f3 exf3 32. gxf3 Ke6 33. Nb5 Nd5 34. Ke2
f6 35. Kf2 g5 36. Kg3 Nde7 37. e4 Ng6 38. hxg5 fxg5 39. Nc7+ Ke7 40. Nd5+ Ke6
41. Nc7+ Ke7 42. Nd5+ Ke6 43. Nc7+ 1/2-1/2

[Event "chess.com Speed 2020"]
[Site "chess.com INT"]
[Date "2020.11.16"]
[Round "1.12"]
[White "Maghsoodloo, Parham"]
[Black "Carlsen, Magnus"]
[Result "1/2-1/2"]
[WhiteTitle "GM"]
[BlackTitle "GM"]
[WhiteElo "2676"]
[BlackElo "2862"]
[WhiteFideId "12539929"]
[BlackFideId "1503014"]
[EventDate "2020.11.01"]

1. e4 c5 2. Nf3 d6 3. d4 cxd4 4. Nxd4 Nf6 5. Nc3 a6 6. h3 h6 7. a4 e5 8. Nde2
Be7 9. g3 b6 10. Bg2 Bb7 11. O-O Nbd7 12. Nd5 Nxd5 13. exd5 O-O 14. f4 b5 15.
fxe5 dxe5 16. d6 Bf6 17. Bxb7 Qb6+ 18. Kh2 Qxb7 19. Nc3 Rac8 20. axb5 axb5 21.
Nd5 Rc5 22. Nxf6+ Nxf6 23. Rxf6 gxf6 24. Qg4+ Kh8 25. Qf5 Qc8 26. Qxf6+ Kg8 27.
c3 Qe6 28. Qxe6 fxe6 29. Bxh6 Rd8 30. Ra6 Rd5 31. h4 R8xd6 32. Ra8+ Rd8 33. Ra6
R8d6 34. Ra8+ Kh7 35. Bg5 e4 36. Kh3 Rxg5 37. hxg5 e3 38. Ra1 Rd2 39. Re1 e2 40.
b4 Kg6 41. Kg4 e5 42. Kf3 Rd3+ 43. Ke4 Rxc3 44. Rxe2 Rc4+ 45. Kxe5 Rxb4 46. Re4
Rxe4+ 47. Kxe4 Kxg5 48. Kd4 Kg4 49. Kc5 Kxg3 50. Kxb5 1/2-1/2

[Event "chess.com Speed 2020"]
[Site "chess.com INT"]
[Date "2020.11.16"]
[Round "1.13"]
[White "Carlsen, Magnus"]
[Black "Maghsoodloo, Parham"]
[Result "1-0"]
[WhiteTitle "GM"]
[BlackTitle "GM"]
[WhiteElo "2862"]
[BlackElo "2676"]
[WhiteFideId "1503014"]
[BlackFideId "12539929"]
[EventDate "2020.11.01"]

1. c4 e6 2. Nc3 d5 3. d4 Bb4 4. e3 Nf6 5. a3 Be7 6. Nf3 O-O 7. b4 Nbd7 8. Bb2 c6
9. c5 Qc7 10. Bd3 e5 11. dxe5 Nxe5 12. Nxe5 Qxe5 13. Qc2 Qh5 14. Ne2 Ng4 15. h3
Ne5 16. Bxh7+ Qxh7 17. Qxh7+ Kxh7 18. Bxe5 b6 19. Nd4 Bd7 20. Rc1 Rfc8 21. Ke2
Kg6 22. Rc3 f6 23. Bf4 b5 24. Bd6 Bd8 25. g4 a5 26. Kf3 axb4 27. axb4 Ra4 28.
Rb3 Rca8 29. h4 Ra2 30. h5+ Kh7 31. Rhb1 R8a6 32. R3b2 R2a3 33. Kg3 f5 34. Nxf5
Bf6 35. Rd2 Bxf5 36. gxf5 1-0

[Event "chess.com Speed 2020"]
[Site "chess.com INT"]
[Date "2020.11.16"]
[Round "1.14"]
[White "Maghsoodloo, Parham"]
[Black "Carlsen, Magnus"]
[Result "1/2-1/2"]
[WhiteTitle "GM"]
[BlackTitle "GM"]
[WhiteElo "2676"]
[BlackElo "2862"]
[WhiteFideId "12539929"]
[BlackFideId "1503014"]
[EventDate "2020.11.01"]

1. e4 e5 2. Nf3 Nc6 3. Bb5 a6 4. Ba4 Nf6 5. O-O Be7 6. Re1 b5 7. Bb3 d6 8. c3
O-O 9. h3 Nb8 10. d4 Nbd7 11. Nbd2 Bb7 12. Bc2 Re8 13. Nf1 Bf8 14. Ng3 g6 15. a3
Bg7 16. b3 d5 17. dxe5 Nxe4 18. Nxe4 dxe4 19. Bg5 Qc8 20. Bxe4 Bxe4 21. Rxe4
Nxe5 22. Nxe5 Rxe5 23. Rxe5 Bxe5 24. Qf3 Rb8 25. Re1 Bd6 26. Qc6 Bf8 27. Bf4 Rb6
28. Qe8 Rb8 29. Qc6 Rb6 30. Re8 Rxc6 31. Rxc8 Kg7 32. b4 Be7 33. Rxc7 Rxc7 34.
Bxc7 Kf6 35. Kf1 Ke6 36. Ke2 Kd5 37. Kd3 Bg5 38. f4 Bh4 39. g4 f5 40. g5 Bf2 41.
Be5 Bb6 42. a4 Bd8 43. a5 Be7 44. h4 Bf8 45. Bc7 h5 46. Be5 Be7 47. Bb8 Bd8 48.
Be5 Be7 49. Bb8 Bd8 50. Be5 Be7 1/2-1/2

[Event "chess.com Speed 2020"]
[Site "chess.com INT"]
[Date "2020.11.16"]
[Round "1.15"]
[White "Carlsen, Magnus"]
[Black "Maghsoodloo, Parham"]
[Result "0-1"]
[WhiteTitle "GM"]
[BlackTitle "GM"]
[WhiteElo "2862"]
[BlackElo "2676"]
[WhiteFideId "1503014"]
[BlackFideId "12539929"]
[EventDate "2020.11.01"]

1. d4 Nf6 2. c4 e6 3. Nc3 Bb4 4. e3 O-O 5. Bd3 d5 6. a3 Bxc3+ 7. bxc3 dxc4 8.
Bxc4 c5 9. Ne2 Nc6 10. O-O b6 11. Bb2 Bb7 12. Bd3 e5 13. Ng3 cxd4 14. cxd4 exd4
15. Rc1 Re8 16. e4 Nd7 17. Bb5 Nc5 18. f3 a6 19. Bxc6 Bxc6 20. Bxd4 Ba4 21. Bxc5
Bxd1 22. Rfxd1 Qxd1+ 23. Rxd1 bxc5 24. Rc1 Rec8 25. Nf5 Kf8 26. Nd6 Rc7 27. Nc4
Rd8 28. Kf2 Rd4 29. Ke3 Ke7 30. h4 f6 31. g4 Kd7 32. h5 Kc6 33. Kf4 Kb5 34. Ne3
c4 35. Nd5 Rc5 36. Rb1+ Ka4 37. Ke3 Rd3+ 38. Ke2 Rb3 39. Rc1 c3 40. Kd3 c2+ 41.
Kd4 Rb1 42. Nc3+ Rxc3 0-1

[Event "chess.com Speed 2020"]
[Site "chess.com INT"]
[Date "2020.11.16"]
[Round "1.16"]
[White "Maghsoodloo, Parham"]
[Black "Carlsen, Magnus"]
[Result "0-1"]
[WhiteTitle "GM"]
[BlackTitle "GM"]
[WhiteElo "2676"]
[BlackElo "2862"]
[WhiteFideId "12539929"]
[BlackFideId "1503014"]
[EventDate "2020.11.01"]

1. e4 e5 2. Nf3 Nc6 3. Bb5 Nf6 4. O-O Nxe4 5. d4 Nd6 6. Bxc6 dxc6 7. dxe5 Nf5 8.
Qxd8+ Kxd8 9. h3 h6 10. Nc3 Bd7 11. Ne2 c5 12. Rd1 Kc8 13. Nf4 Bc6 14. Nd5 b6
15. c4 Kb7 16. Bf4 Rd8 17. Rd2 g5 18. Bh2 Ng7 19. Rad1 Ne6 20. g4 Bg7 21. Bg3
Rd7 22. h4 Rhd8 23. b3 b5 24. Kf1 a5 25. Ke2 a4 26. Ke3 axb3 27. axb3 Ra8 28.
hxg5 Ra3 29. Rd3 hxg5 30. Nd2 bxc4 31. Nxc4 Ra8 32. Nf6 Rd4 33. f3 Ra2 34. R1d2
Ra1 35. Rxd4 cxd4+ 36. Kf2 Bf8 37. Nb2 Bb4 38. Rc2 Ra2 39. Re2 Ra3 40. Nc4 Rxb3
41. Ne4 Bd5 42. Rc2 d3 43. Rc1 Bxe4 44. fxe4 d2 45. Rd1 Rd3 46. Kg2 Nc5 47. Bf2
Nxe4 48. Be3 Kc6 49. Kf3 Kd5 50. Nb2 Rb3 0-1

[Event "chess.com Speed 2020"]
[Site "chess.com INT"]
[Date "2020.11.16"]
[Round "1.17"]
[White "Carlsen, Magnus"]
[Black "Maghsoodloo, Parham"]
[Result "1-0"]
[WhiteTitle "GM"]
[BlackTitle "GM"]
[WhiteElo "2862"]
[BlackElo "2676"]
[WhiteFideId "1503014"]
[BlackFideId "12539929"]
[EventDate "2020.11.01"]

1. e4 e5 2. Nf3 Nf6 3. d3 Nc6 4. g3 Bc5 5. Bg2 d6 6. c3 O-O 7. O-O a5 8. h3 Re8
9. Re1 b5 10. Nbd2 a4 11. Nf1 h6 12. Be3 Bxe3 13. Nxe3 Ne7 14. d4 Ng6 15. dxe5
dxe5 16. Qc2 c6 17. c4 Be6 18. Rad1 Qa5 19. Rd6 Rac8 20. Red1 b4 21. Bf1 Qc5 22.
R6d2 b3 23. axb3 axb3 24. Qb1 Ra8 25. Nh2 h5 26. h4 Ra2 27. Be2 Rea8 28. Nf3 Ng4
29. Nxg4 Bxg4 30. Qd3 Nf8 31. Qxb3 Ne6 32. Qc3 Bxf3 33. Qxf3 g6 34. Rd7 Rf8 35.
R1d2 Nd4 36. Qe3 Qb4 37. Kg2 Rxb2 38. Rxb2 Qxb2 39. Bxh5 1-0

[Event "chess.com Speed 2020"]
[Site "chess.com INT"]
[Date "2020.11.16"]
[Round "1.18"]
[White "Maghsoodloo, Parham"]
[Black "Carlsen, Magnus"]
[Result "0-1"]
[WhiteTitle "GM"]
[BlackTitle "GM"]
[WhiteElo "2676"]
[BlackElo "2862"]
[WhiteFideId "12539929"]
[BlackFideId "1503014"]
[EventDate "2020.11.01"]

1. c4 e5 2. g3 Nc6 3. Bg2 h5 4. h3 Bc5 5. e3 d6 6. Ne2 a6 7. Nbc3 Nge7 8. a3 Ba7
9. b4 h4 10. g4 f5 11. gxf5 Bxf5 12. d4 exd4 13. exd4 Qd7 14. Be3 O-O 15. c5
Rae8 16. Qb3+ Kh8 17. O-O-O Bh7 18. Rd2 Nf5 19. d5 Qf7 20. Na4 Nxe3 21. fxe3 b5
22. cxb6 cxb6 23. b5 Na5 24. Qb4 Rc8+ 25. Kb2 Nc4+ 26. Ka1 axb5 27. Rd4 Nxe3 0-1

[Event "chess.com Speed 2020"]
[Site "chess.com INT"]
[Date "2020.11.16"]
[Round "1.19"]
[White "Carlsen, Magnus"]
[Black "Maghsoodloo, Parham"]
[Result "1-0"]
[WhiteTitle "GM"]
[BlackTitle "GM"]
[WhiteElo "2862"]
[BlackElo "2676"]
[WhiteFideId "1503014"]
[BlackFideId "12539929"]
[EventDate "2020.11.01"]

1. e4 e5 2. Bc4 Nf6 3. d3 Nc6 4. Nf3 Bc5 5. O-O d6 6. c3 a5 7. Re1 O-O 8. Nbd2
Be6 9. Bb5 Qb8 10. Bxc6 bxc6 11. d4 exd4 12. cxd4 Bb4 13. a3 Bxd2 14. Nxd2 a4
15. Nf1 Qb3 16. Qxb3 Bxb3 17. f3 Nd7 18. Bd2 c5 19. Bc3 f5 20. dxc5 Nxc5 21. e5
d5 22. Bb4 Nd3 23. Bxf8 Nxe1 24. Rxe1 Kxf8 25. Rc1 Rc8 26. Rc5 f4 27. Nd2 Ke7
28. Nxb3 axb3 29. Rxd5 c5 30. Kf2 Ke6 31. Rd1 c4 32. Ke2 Kxe5 33. Kd2 Kd4 34.
Re1 Rd8 35. Re4+ Kc5+ 36. Kc1 g5 37. Re5+ Kd4 38. Rxg5 Re8 39. Kd2 c3+ 40. bxc3+
Kc4 41. Rg7 b2 42. Rb7 Rd8+ 43. Kc2 Re8 44. Rb4+ Kc5 45. Kxb2 Re2+ 46. Kb3 Rxg2
47. h4 Rg1 48. Rxf4 Rb1+ 49. Kc2 Rh1 50. a4 Ra1 51. Kb2 Rh1 52. Rb4 h6 53. a5
Rh3 54. a6 1-0

[Event "chess.com Speed 2020"]
[Site "chess.com INT"]
[Date "2020.11.16"]
[Round "1.21"]
[White "Maghsoodloo, Parham"]
[Black "Carlsen, Magnus"]
[Result "0-1"]
[WhiteTitle "GM"]
[BlackTitle "GM"]
[WhiteElo "2676"]
[BlackElo "2862"]
[WhiteFideId "12539929"]
[BlackFideId "1503014"]
[EventDate "2020.11.01"]

1. Nf3 d5 2. c4 c6 3. b3 Bg4 4. Bb2 e6 5. e3 Nf6 6. h3 Bh5 7. Nc3 Nbd7 8. g4 Bg6
9. Nh4 Ne4 10. Nxg6 hxg6 11. Qc2 Nxc3 12. Bxc3 a5 13. Bg2 Nf6 14. O-O Bb4 15. f4
Bxc3 16. Qxc3 O-O 17. d3 Qe7 18. g5 Nh5 19. Kh2 Rfd8 20. d4 Qb4 21. Rfc1 Qa3 22.
Bf3 Rd7 23. Rc2 Rad8 24. c5 Ra8 25. Rb1 Rb8 26. Qd2 b6 27. cxb6 Rxb6 28. Rc3 Qd6
29. Rbc1 a4 30. bxa4 Ra7 31. a5 Rxa5 32. Rxc6 Rxc6 33. Rxc6 Qxc6 34. Qxa5 Qc2+
35. Kg1 Qc1+ 36. Kf2 Qc2+ 37. Ke1 Ng3 38. Qd2 Qb1+ 39. Bd1 Ne4 40. Qc2 Qb4+ 41.
Ke2 Kh7 42. Kd3 Qe1 43. Bf3 Nf2+ 0-1

[Event "chess.com Speed 2020"]
[Site "chess.com INT"]
[Date "2020.11.16"]
[Round "1.22"]
[White "Carlsen, Magnus"]
[Black "Maghsoodloo, Parham"]
[Result "1-0"]
[WhiteTitle "GM"]
[BlackTitle "GM"]
[WhiteElo "2862"]
[BlackElo "2676"]
[WhiteFideId "1503014"]
[BlackFideId "12539929"]
[EventDate "2020.11.01"]

1. e4 c5 2. Nf3 Nc6 3. Bb5 e6 4. Bxc6 bxc6 5. b3 Ne7 6. O-O Ng6 7. e5 f6 8. Bb2
Be7 9. d3 O-O 10. Nbd2 Rb8 11. Qe1 Ba6 12. Nc4 Qc7 13. Qe3 Rbe8 14. Rae1 Rf7 15.
h4 Bxc4 16. dxc4 fxe5 17. h5 Nh4 18. Nxe5 Rf5 19. g4 Rff8 20. f4 d6 21. Nd3 Bd8
22. Qh3 Qd7 23. Re3 e5 24. fxe5 Rxf1+ 25. Kxf1 Rf8+ 26. Ke2 Bg5 27. e6 Qe7 28.
Re4 d5 29. cxd5 cxd5 30. Re5 Bf6 31. Re3 c4 32. Bxf6 cxd3+ 33. Kxd3 Qxf6 34. e7
Re8 35. Qh1 Qa6+ 36. Kd2 d4 37. Qd5+ Kh8 38. Re5 1-0

[Event "chess.com Speed 2020"]
[Site "chess.com INT"]
[Date "2020.11.16"]
[Round "1.23"]
[White "Maghsoodloo, Parham"]
[Black "Carlsen, Magnus"]
[Result "0-1"]
[WhiteTitle "GM"]
[BlackTitle "GM"]
[WhiteElo "2676"]
[BlackElo "2862"]
[WhiteFideId "12539929"]
[BlackFideId "1503014"]
[EventDate "2020.11.01"]

1. Nf3 d5 2. c4 d4 3. b4 c5 4. Bb2 a5 5. b5 Nd7 6. e3 e5 7. d3 Ngf6 8. exd4 cxd4
9. Nbd2 a4 10. Be2 Bd6 11. O-O O-O 12. Re1 Re8 13. Bf1 h6 14. Qc2 a3 15. Bc1 Nc5
16. Nb3 Nfd7 17. Nfd2 b6 18. Nb1 Ne6 19. N3d2 Bb7 20. Ne4 Bf8 21. Nbd2 f5 22.
Ng3 Qf6 23. Nb3 Ndc5 24. Bd2 Bd6 25. f3 Rad8 26. Bb4 Nxb3 27. Qxb3 Bxb4 28. Qxb4
Ra8 29. Qd6 Nc5 30. Qxf6 gxf6 31. Nxf5 h5 32. h4 Kh7 33. Kf2 Kg6 34. g3 Kxf5 0-1

[Event "chess.com Speed 2020"]
[Site "chess.com INT"]
[Date "2020.11.16"]
[Round "1.24"]
[White "Carlsen, Magnus"]
[Black "Maghsoodloo, Parham"]
[Result "1-0"]
[WhiteTitle "GM"]
[BlackTitle "GM"]
[WhiteElo "2862"]
[BlackElo "2676"]
[WhiteFideId "1503014"]
[BlackFideId "12539929"]
[EventDate "2020.11.01"]

1. d4 Nf6 2. Bf4 g6 3. Nc3 Bg7 4. e4 d6 5. Qd2 c6 6. Bh6 Bxh6 7. Qxh6 Nbd7 8.
Nf3 Qa5 9. Bd3 b5 10. O-O b4 11. Ne2 Ba6 12. Bxa6 Qxa6 13. Ng3 Qb5 14. Rfe1 e5
15. Rad1 O-O-O 16. a3 a5 17. axb4 axb4 18. h3 Qb6 19. c3 Rhe8 20. Ra1 Kb7 21.
Ra4 c5 22. cxb4 cxd4 23. Rea1 Ra8 24. b3 Rxa4 25. bxa4 Qxb4 26. Qc1 Rc8 27. Qf1
Qc4 28. Qb1+ Ka7 29. a5 Qc2 30. Qb5 Rb8 31. Qf1 Nc5 32. Rc1 Qd3 33. Nxe5 Qxf1+
34. Kxf1 dxe5 35. Rxc5 Nd7 36. Rd5 Rb7 37. f4 exf4 38. Ne2 Nf6 39. Rxd4 Re7 40.
Nc3 Re6 41. Nb5+ Kb7 42. Nd6+ Ka6 43. Kf2 Kxa5 44. Kf3 g5 45. Nxf7 h6 46. Nxh6
Nxe4 47. Rxe4 Rxh6 48. Re5+ Kb4 49. Rxg5 1-0

[Event "chess.com Speed 2020"]
[Site "chess.com INT"]
[Date "2020.11.16"]
[Round "1.25"]
[White "Maghsoodloo, Parham"]
[Black "Carlsen, Magnus"]
[Result "0-1"]
[WhiteTitle "GM"]
[BlackTitle "GM"]
[WhiteElo "2676"]
[BlackElo "2862"]
[WhiteFideId "12539929"]
[BlackFideId "1503014"]
[EventDate "2020.11.01"]

1. e4 c5 2. Nf3 e6 3. d4 cxd4 4. Nxd4 a6 5. c4 Nf6 6. Nc3 Qc7 7. Bd3 Nc6 8. Nxc6
dxc6 9. Be3 e5 10. h3 Be6 11. O-O Be7 12. c5 O-O 13. a3 Rfd8 14. Qe2 Nh5 15. Bc4
Nf4 16. Bxf4 exf4 17. Bxe6 fxe6 18. b4 Qe5 19. Na4 Rd4 20. Rad1 Rad8 21. Nb6
Rxe4 22. Qg4 Rxd1 23. Rxd1 h5 24. Qf3 Re1+ 25. Rxe1 Qxe1+ 26. Kh2 Qe5 27. Nc4
Qf5 28. Nd6 Bxd6 29. cxd6 Kf7 30. Qc3 Qd5 31. Qc5 Qxc5 32. bxc5 e5 33. a4 a5 34.
h4 Ke6 35. g3 b6 36. cxb6 Kxd6 37. gxf4 exf4 38. Kg2 c5 39. Kf3 Kc6 40. Kxf4
Kxb6 41. Ke5 Kc6 42. f3 g6 43. f4 c4 44. Kd4 c3 45. Kxc3 Kc5 46. Kd3 Kb4 47. Kd4
Kxa4 48. Ke5 Kb5 49. Kf6 a4 50. Kxg6 a3 51. f5 a2 52. Kxh5 a1=Q 53. Kg6 Qh8 54.
f6 Kc6 55. f7 Kd7 0-1

[Event "chess.com Speed 2020"]
[Site "chess.com INT"]
[Date "2020.11.16"]
[Round "1.26"]
[White "Carlsen, Magnus"]
[Black "Maghsoodloo, Parham"]
[Result "1-0"]
[WhiteTitle "GM"]
[BlackTitle "GM"]
[WhiteElo "2862"]
[BlackElo "2676"]
[WhiteFideId "1503014"]
[BlackFideId "12539929"]
[EventDate "2020.11.01"]

1. e4 e6 2. d4 d5 3. exd5 exd5 4. Nf3 Bd6 5. c4 c6 6. Nc3 Ne7 7. h3 O-O 8. Bd3
dxc4 9. Bxc4 Bf5 10. O-O Nd7 11. Re1 Nb6 12. Bb3 Ned5 13. Ne5 Re8 14. Qf3 Be6
15. Ne4 f6 16. Nd3 Bf7 17. Bd2 Bf8 18. Nec5 Qc7 19. Ba5 Rad8 20. h4 Qc8 21. h5
h6 22. Rac1 Rxe1+ 23. Rxe1 Re8 24. Rxe8 Qxe8 25. Nxb7 Bxh5 26. Qg3 Qe4 27. Qe3
Qf5 28. Bxb6 axb6 29. Nd8 Kh8 30. Qg3 c5 31. dxc5 bxc5 32. Nb7 Nb6 33. Nbxc5
Bxc5 34. Qb8+ Nc8 35. Nxc5 Qxc5 36. Be6 Kh7 37. Qxc8 Qe5 38. Qg8+ Kg6 39. Bf7+
Kf5 40. Bxh5 Qe1+ 41. Kh2 Qxf2 42. Qd5+ 1-0

[Event "chess.com Speed 2020"]
[Site "chess.com INT"]
[Date "2020.11.16"]
[Round "1.27"]
[White "Maghsoodloo, Parham"]
[Black "Carlsen, Magnus"]
[Result "0-1"]
[WhiteTitle "GM"]
[BlackTitle "GM"]
[WhiteElo "2676"]
[BlackElo "2862"]
[WhiteFideId "12539929"]
[BlackFideId "1503014"]
[EventDate "2020.11.01"]

1. d4 d5 2. Nf3 Nf6 3. c4 c6 4. e3 Bf5 5. Be2 e6 6. O-O Nbd7 7. b3 Ne4 8. Bb2
Bd6 9. Nbd2 Qb8 10. g3 h5 11. Nxe4 dxe4 12. Nh4 Bh3 13. d5 Be5 14. dxe6 Bxe6 15.
Bxe5 Qxe5 16. Qd4 g5 17. Ng2 c5 18. Qxe5 Nxe5 19. h4 f6 20. Rfd1 Ke7 21. Rd2
Rag8 22. Rad1 Nf3+ 23. Bxf3 exf3 24. Ne1 gxh4 25. Nd3 hxg3 26. Nf4 h4 27. Rd6
Bg4 28. R6d2 h3 29. fxg3 h2+ 30. Kh1 f2 31. Rf1 Bf3+ 32. Ng2 Rxg3 33. Rfxf2 Be4 0-1

[Event "chess.com Speed 2020"]
[Site "chess.com INT"]
[Date "2020.11.16"]
[Round "1.28"]
[White "Carlsen, Magnus"]
[Black "Maghsoodloo, Parham"]
[Result "1/2-1/2"]
[WhiteTitle "GM"]
[BlackTitle "GM"]
[WhiteElo "2862"]
[BlackElo "2676"]
[WhiteFideId "1503014"]
[BlackFideId "12539929"]
[EventDate "2020.11.01"]

1. Nf3 Nf6 2. g3 b5 3. e3 a6 4. Bg2 Bb7 5. O-O e6 6. b3 c5 7. Bb2 d6 8. c4 Nbd7
9. Qe2 Be7 10. Nc3 b4 11. Na4 O-O 12. d4 Qc7 13. Rfd1 Rad8 14. Nh4 Ne4 15. d5
exd5 16. Nf5 Bf6 17. cxd5 Bxb2 18. Qxb2 Nef6 19. e4 Rfe8 20. f4 Bc8 21. e5 Nxe5
22. fxe5 Rxe5 23. Nh4 Rde8 24. Nf3 Re2 25. Rd2 R2e3 26. Rf1 Bd7 27. Qc1 Bb5 28.
Re1 Rxe1+ 29. Nxe1 c4 30. h3 c3 31. Rf2 Qa7 32. Bf3 Ne4 33. Bxe4 Rxe4 34. Kg2
Qd4 35. Nf3 Qxd5 36. Nb6 Qc6 37. Nc4 f6 38. Ne3 d5 39. Nf5 d4 40. g4 d3 41. Kg3
Qc7+ 42. Kg2 Bc6 43. Kg1 Qd7 44. Qd1 d2 45. Nxd2 Qd3 46. Qf1 Qxd2 47. Rxd2 cxd2
48. Kh2 Bb5 49. Qd1 Re1 50. Qxd2 Re2+ 51. Qxe2 Bxe2 52. Nd4 Bd3 53. Nc6 a5 54.
Nxa5 Bb1 55. Nc6 Bxa2 56. Nxb4 Bxb3 57. Kg3 Kf7 58. h4 g5 59. hxg5 fxg5 60. Nc6
Be6 61. Nd4 Kf6 62. Kf3 h6 63. Nxe6 Kxe6 64. Ke2 Kd7 65. Kd3 Kc6 66. Ke4 Kc5 67.
Kf5 Kd6 68. Kg6 Ke6 69. Kxh6 Kf7 70. Kh5 Kf8 71. Kxg5 Kg7 72. Kh5 Kh7 73. g5 Kg7
74. g6 Kg8 75. Kh6 Kh8 76. g7+ Kg8 77. Kg6 1/2-1/2

[Event "chess.com Speed 2020"]
[Site "chess.com INT"]
[Date "2020.11.16"]
[Round "1.31"]
[White "Maghsoodloo, Parham"]
[Black "Carlsen, Magnus"]
[Result "1-0"]
[WhiteTitle "GM"]
[BlackTitle "GM"]
[WhiteElo "2676"]
[BlackElo "2862"]
[WhiteFideId "12539929"]
[BlackFideId "1503014"]
[EventDate "2020.11.01"]

1. Nf3 g6 2. e4 Bg7 3. d4 d6 4. c3 Nf6 5. Bd3 O-O 6. O-O Nc6 7. h3 e5 8. Re1 Re8
9. d5 Ne7 10. c4 Nd7 11. Nc3 h6 12. a3 f5 13. b4 Nf6 14. c5 f4 15. Nh2 g5 16.
Be2 Rf8 17. a4 Ng6 18. Ba3 Nh4 19. a5 Rf7 20. b5 dxc5 21. Bxc5 Bf8 22. Bxf8 Qxf8
23. d6 Be6 24. dxc7 Rxc7 25. Nd5 Bxd5 26. exd5 Rd8 27. Ng4 Nf5 28. Bd3 e4 29.
Bxe4 Nd6 30. Bd3 Nxg4 31. Qxg4 Re7 32. Re6 Rxe6 33. dxe6 Qf6 34. Re1 Nc8 35. Be4
b6 36. h4 Ne7 37. hxg5 Qxg5 38. Qh3 bxa5 39. Qc3 Qxb5 40. Qc7 Re8 41. Qxf4 Qh5
42. Re3 Ng6 43. Bxg6 1-0

[Event "chess.com Speed 2020"]
[Site "chess.com INT"]
[Date "2020.11.16"]
[Round "1.32"]
[White "Carlsen, Magnus"]
[Black "Maghsoodloo, Parham"]
[Result "1-0"]
[WhiteTitle "GM"]
[BlackTitle "GM"]
[WhiteElo "2862"]
[BlackElo "2676"]
[WhiteFideId "1503014"]
[BlackFideId "12539929"]
[EventDate "2020.11.01"]

1. e4 c5 2. Nf3 Nc6 3. d4 cxd4 4. Nxd4 e5 5. Nb5 d6 6. c4 Be6 7. N1c3 Rc8 8. Nd5
a6 9. Nbc3 g6 10. Bd3 Bg7 11. h4 h6 12. h5 g5 13. g4 Nge7 14. f3 Nd4 15. Be3 O-O
16. Nxe7+ Qxe7 17. Rc1 Qd8 18. Kf2 Qa5 19. Qd2 b5 20. Nd5 Qxa2 21. Ra1 Qb3 22.
Ra3 Bxd5 23. cxd5 Rc2 24. Qxc2 Qxc2+ 25. Bxc2 Nxc2 26. Rxa6 Rc8 27. Rc6 1-0

[Event "chess.com Speed 2020"]
[Site "chess.com INT"]
[Date "2020.11.16"]
[Round "1.33"]
[White "Maghsoodloo, Parham"]
[Black "Carlsen, Magnus"]
[Result "0-1"]
[WhiteTitle "GM"]
[BlackTitle "GM"]
[WhiteElo "2676"]
[BlackElo "2862"]
[WhiteFideId "12539929"]
[BlackFideId "1503014"]
[EventDate "2020.11.01"]

1. e4 c5 2. Nf3 e6 3. g3 b6 4. Bg2 Bb7 5. Nc3 Nf6 6. e5 Ne4 7. O-O Nxc3 8. dxc3
Be7 9. h4 O-O 10. Bf4 Nc6 11. Qd2 Qc7 12. Rad1 Rad8 13. Rfe1 Qc8 14. Ng5 f6 15.
exf6 gxf6 16. Nf3 Rf7 17. c4 Kh8 18. c3 d6 19. Bh3 Ne5 20. Bxe5 fxe5 21. Ng5
Bxg5 22. hxg5 Qc6 23. Kh2 Rdf8 24. f4 exf4 25. g4 Qf3 26. Rg1 e5 27. Rdf1 Qc6
28. g6 hxg6 29. g5 Rh7 30. Qd3 Kg7 0-1

[Event "chess.com Speed 2020"]
[Site "chess.com INT"]
[Date "2020.11.16"]
[Round "1.34"]
[White "Carlsen, Magnus"]
[Black "Maghsoodloo, Parham"]
[Result "1-0"]
[WhiteTitle "GM"]
[BlackTitle "GM"]
[WhiteElo "2862"]
[BlackElo "2676"]
[WhiteFideId "1503014"]
[BlackFideId "12539929"]
[EventDate "2020.11.01"]

1. d4 Nf6 2. Bf4 g6 3. Nc3 Bg7 4. e4 d6 5. Qd2 Nc6 6. O-O-O O-O 7. Bh6 e5 8.
Bxg7 Kxg7 9. Nge2 exd4 10. Nxd4 Bd7 11. f3 a6 12. g4 Re8 13. h4 h5 14. g5 Ng8
15. Nd5 Kh7 16. Kb1 Nxd4 17. Qxd4 Be6 18. f4 c6 19. Ne3 c5 20. Qd2 Ne7 21. f5
Bc8 22. Bc4 Rf8 23. Rhf1 b5 24. Bxf7 Rxf7 25. fxg6+ Kxg6 26. Rxf7 Kxf7 27. Qf2+
Kg8 28. Qf6 Qf8 29. Qxd6 Bg4 30. Rf1 Qd8 31. Qh6 Bh3 32. g6 1-0

[Event "chess.com Speed 2020"]
[Site "chess.com INT"]
[Date "2020.11.16"]
[Round "1.35"]
[White "Maghsoodloo, Parham"]
[Black "Carlsen, Magnus"]
[Result "1-0"]
[WhiteTitle "GM"]
[BlackTitle "GM"]
[WhiteElo "2676"]
[BlackElo "2862"]
[WhiteFideId "12539929"]
[BlackFideId "1503014"]
[EventDate "2020.11.01"]

1. e4 e6 2. d4 d5 3. Nc3 Bb4 4. e5 Ne7 5. a3 Bxc3+ 6. bxc3 c5 7. Qg4 Kf8 8. h4
b6 9. h5 h6 10. Qd1 Ba6 11. Bxa6 Nxa6 12. a4 Nb8 13. Nf3 Nbc6 14. O-O cxd4 15.
cxd4 Rc8 16. Ba3 Kg8 17. Qd3 Na5 18. Bb4 Nc4 19. Rfb1 Nf5 20. a5 bxa5 21. Bc5
Qc7 22. Rb5 Rb8 23. Rxb8+ Qxb8 24. g4 Nxd4 25. Bxd4 a6 26. Kg2 Qd8 27. Qb3 Kh7
28. Qd3+ Kg8 29. Rb1 a4 30. Rb7 a3 31. Qb3 Kh7 32. Rxf7 Rf8 33. Qb7 Rxf7 34.
Qxf7 Qg8 35. Qd7 a2 36. g5 hxg5 37. Nxg5+ Kh6 38. Nxe6 g6 39. Nf4 gxh5+ 40. Kh2
Qg4 41. Qxg4 hxg4 42. e6 Kg5 43. Nxd5 Nd6 44. Ne3 Nb5 45. Be5 Nc7 46. e7 Ne8 47.
Kg3 Kg6 48. Kxg4 Kf7 49. Nf5 Nf6+ 50. Bxf6 Kxf6 51. e8=Q 1-0